000 00494nam a2200169Ia 4500
008 200115s9999 xx 000 0 und d
100 _aKiener, Robert
245 _aReady, set, sail!/
245 _cRobert Kiener
260 _bReader's Digest Asia
260 _c2019
300 _aPages 88-95, July 2019
440 _aAsia Reader's Digest: Lunar Landing 50th Anniversary A Voyage like no other
_v116:677
650 _acruise ship
650 _aseas
650 _aships (Carnival Horizon)
999 _c362912
_d362912